Welcome to the Holygrace Academy Library

Please use search bar below to get started

ERULUM VELICHAVUM (Record no. 5507)

MARC details
000 -LEADER
fixed length control field 00289nam a22001337a 4500
082 ## - DEWEY DECIMAL CLASSIFICATION NUMBER
Classification number 894.812.3
Item number ROY/E
100 ## - MAIN ENTRY--AUTHOR NAME
Personal name ROY, K.N
245 ## - TITLE STATEMENT
Title ERULUM VELICHAVUM
260 ## - PUBLICATION, DISTRIBUTION, ETC. (IMPRINT)
Place of publication KOCHI
Name of publisher HARVEST PUBLISHING & MARKETTING
Year of publication 1992
300 ## - PHYSICAL DESCRIPTION
Number of Pages 170
520 ## - SUMMARY, ETC.
Summary, etc NOVEL
650 ## - SUBJECT ADDED ENTRY--TOPICAL TERM
Topical Term NOVEL
942 ## - ADDED ENTRY ELEMENTS (KOHA)
Koha item type Books
Holdings
Withdrawn status Lost status Collection code Home library Current library Shelving location Date acquired Source of acquisition Cost, normal purchase price Full call number Accession Number Koha item type
    Fiction Main Library Main Library SHELF-16L- MALAYALAM BIOGRAPHY,STUDIES/CRITICISM 06/05/2006 Purchase 35.00 894.812.3 ROY/E 02327 Books